Directory of extramural research & development projects approved for funding by selected central government agencies/departments during 1999-2000 (Record no. 44095)

MARC details
000 -LEADER
fixed length control field 00401nam a2200109Ia 4500
020 ## - INTERNATIONAL STANDARD BOOK NUMBER
ISBN 8187607033
082 ## - DEWEY DECIMAL CLASSIFICATION NUMBER
Classification number 058:001.63
Item number DIR
245 #0 - TITLE STATEMENT
Title Directory of extramural research & development projects approved for funding by selected central government agencies/departments during 1999-2000
260 ## - PUBLICATION, DISTRIBUTION, ETC. (IMPRINT)
Place of publication New Delhi
Name of publisher Government of India
Year of publication 2002
942 ## - ADDED ENTRY ELEMENTS (KOHA)
Koha item type Books
Holdings
Withdrawn status Lost status Damaged status Not for loan Home library Current library Date acquired Source of acquisition Full call number Accession Number Koha item type
        RRII Library RRII Library 16/12/2021 Gift 058:001.63 DIR G00843 Books